Sexuality and the genetics of bacteria (Record no. 21002)

MARC details
000 -LEADER
fixed length control field 00351nam a2200133Ia 4500
082 ## - DEWEY DECIMAL CLASSIFICATION NUMBER
Classification number 579.25
Item number JAC
100 ## - MAIN ENTRY--AUTHOR NAME
Personal name JACOB, Francois
245 #0 - TITLE STATEMENT
Title Sexuality and the genetics of bacteria
260 ## - PUBLICATION, DISTRIBUTION, ETC. (IMPRINT)
Place of publication New York
Name of publisher Academic
Year of publication 1961
650 ## - SUBJECT ADDED ENTRY--TOPICAL TERM
Topical Term Bacterial genetics
700 ## - ADDED ENTRY--PERSONAL NAME
Personal name WOLLMAN, Elie L
942 ## - ADDED ENTRY ELEMENTS (KOHA)
Koha item type Books
Holdings
Withdrawn status Lost status Damaged status Not for loan Home library Current library Date acquired Full call number Accession Number Koha item type
        RRII Library RRII Library 16/12/2021 579.25 JAC 01724 Books